000 00766nam a2200253Ia 4500
003 OSt
005 20221005030154.0
006 a|||||r|||| 00| 0
007 ta
008 221004b |||||||| |||| 00| 0 eng d
020 _a8175964332 (hbk)
_c1100
024 _a115615
037 _b251, 23/03/2012, University Book House
_cTextual
040 _aCRL
_cCRL
_beng
041 _2eng
_aeng
082 _aS:55.49G, P7
100 _aOrsini Francesca
245 0 _aLove in South Asia
_b Cultural history
260 _aCambridge
_bCambridge University Press
_c2007
300 _a368p.
_ccm.
650 _aPSYCHOLOGY
942 _hS:55.49G, P7
_cTEXL
_2cc
999 _c935776
_d935776